[Event "Paris ch 2005"]
[Site "Paris FRA"]
[Date "2005.07.13"]
[Round "5.16"]
[White "Ak Hirawan, Mohd Omar"]
[Black "Chabanon, Jean-Luc"]
[Result "1/2-1/2"]
[WhiteElo "2364"]
[BlackElo "2426"]
[PlyCount "215"]
[EventDate "2005.07.09"]
[EventType "swiss"]
[EventRounds "9"]
[EventCountry "FRA"]
[Source "lmi"]
[SourceDate "2005.07.17"]

1. e4 e5 2. Nf3 d6 3. d4 exd4 4. Nxd4 Nf6 5. Nc3 Be7 6. Be3 O-O 7. Qd2 d5 8.
exd5 Nxd5 9. Nxd5 Qxd5 10. c4 Qd7 11. Bd3 Nc6 12. Nxc6 Qxc6 13. O-O Rd8 14. Qc2
g6 15. Be4 Qa6 16. f4 f5 17. Bf3 Be6 18. b3 Bf6 19. Rad1 Rxd1 20. Rxd1 Re8 21.
Bf2 c6 22. Bc5 Qa5 23. Qf2 Qc7 24. Bd6 Qa5 25. Bc5 Qc7 26. Bd4 Bxd4 27. Qxd4
Qb6 28. c5 Qa5 29. Rd2 Bf7 30. Kf2 Qa3 31. Qc3 a5 32. Kg3 a4 33. h4 h5 34. Rd7
axb3 35. axb3 Qxb3 36. Qxb3 Bxb3 37. Rxb7 Re3 38. Rb6 Bd5 39. Kf2 Rc3 40. Bxd5+
cxd5 41. Rxg6+ Kf7 42. Rc6 d4 43. Ke2 Re3+ 44. Kd2 Rc3 45. Rh6 Rxc5 46. Rxh5
Ke6 47. Kd3 Rd5 48. Rh6+ Kf7 49. Rh7+ Ke6 50. Rh8 Kf7 51. Rh6 Rd8 52. h5 Rg8
53. Rg6 Rh8 54. Rg5 Kf6 55. Kxd4 Re8 56. Kd3 Re1 57. Kd2 Rh1 58. Ke2 Ke6 59.
Rg3 Kf7 60. Rh3 Ra1 61. h6 Kg8 62. h7+ Kh8 63. Kf2 Ra2+ 64. Kg3 Ra6 65. Rh5
Rg6+ 66. Kh3 Rf6 67. g3 Rf8 68. Rh6 Rf7 69. Kh4 Rg7 70. Kh3 Rf7 71. Rh5 Rf8 72.
Kg2 Rf7 73. Kf2 Rf6 74. Ke3 Rf7 75. Kd4 Rg7 76. Rh3 Re7 77. Kd5 Re3 78. Kd6 Re1
79. Rh5 Re3 80. Rxf5 Rxg3 81. Rh5 Rg6+ 82. Ke7 Rg7+ 83. Ke8 Rf7 84. f5 Rf8+ 85.
Ke7 Rf7+ 86. Ke6 Rf6+ 87. Ke5 Ra6 88. Kf4 Ra4+ 89. Kg5 Ra6 90. Rh1 Rb6 91. Re1
Kxh7 92. Re6 Rb7 93. Kf6 Rb5 94. Re8 Ra5 95. Rd8 Ra6+ 96. Kf7 Rb6 97. Rd7 Kh8
98. Ra7 Rc6 99. Re7 Ra6 100. Re1 Ra7+ 101. Kg6 Ra8 102. Rh1+ Kg8 103. f6 Ra7
104. Rh5 Rg7+ 105. Kf5 Ra7 106. Rg5+ Kf8 107. Kg6 Ra1 108. Rg2 1/2-1/2

[Event "Paris ch 2005"]
[Site "Paris FRA"]
[Date "2005.07.13"]
[Round "5.17"]
[White "Goldsztejn, Gildas"]
[Black "Vijayalakshmi, Subbaraman"]
[Result "0-1"]
[WhiteElo "2330"]
[BlackElo "2414"]
[PlyCount "72"]
[EventDate "2005.07.09"]
[EventType "swiss"]
[EventRounds "9"]
[EventCountry "FRA"]
[Source "lmi"]
[SourceDate "2005.07.17"]

1. Nf3 Nf6 2. c4 c5 3. Nc3 e6 4. e4 d6 5. d4 cxd4 6. Nxd4 a6 7. Be2 Qc7 8. O-O
b6 9. Be3 Bb7 10. f3 Nbd7 11. Rc1 Be7 12. Qd2 O-O 13. Rfd1 Rac8 14. Bf1 Qb8 15.
Qf2 Rfe8 16. Nc2 Bd8 17. Qg3 Kh8 18. Qh3 Ne5 19. Bf4 Be7 20. Ne3 Ng6 21. Bg3
Rc5 22. e5 dxe5 23. b4 Nf4 24. Bxf4 exf4 25. bxc5 Bxc5 26. Kh1 Bxe3 27. Rb1 Qe5
28. Rd3 h6 29. Re1 Qg5 30. Ne2 Bc5 31. g3 e5 32. Bg2 Qg6 33. Rb3 Rd8 34. Nc3
Qc2 35. Ne4 Nxe4 36. fxe4 Rd1 0-1

[Event "Paris ch 2005"]
[Site "Paris FRA"]
[Date "2005.07.13"]
[Round "5.19"]
[White "Sher, Miron N"]
[Black "Zozulia, Anna"]
[Result "1-0"]
[WhiteElo "2420"]
[BlackElo "2314"]
[PlyCount "79"]
[EventDate "2005.07.09"]
[EventType "swiss"]
[EventRounds "9"]
[EventCountry "FRA"]
[Source "lmi"]
[SourceDate "2005.07.17"]

1. c4 g6 2. e4 Bg7 3. d4 d6 4. Nc3 Nf6 5. Nf3 O-O 6. Be2 e5 7. O-O Nc6 8. d5
Ne7 9. Nd2 a5 10. b3 Nd7 11. Ba3 f5 12. b4 axb4 13. Bxb4 fxe4 14. Ndxe4 Nf5 15.
a4 Nf6 16. Bd3 c5 17. Ba3 Nxe4 18. Bxe4 Qa5 19. Nb5 Qxa4 20. Qd3 Bd7 21. Bb2
Qb4 22. Bc3 Qb3 23. Rab1 Qa2 24. Rb2 Qa4 25. Nc7 Rab8 26. Ne6 Bxe6 27. dxe6 b6
28. g3 Ne7 29. Rfb1 Qa7 30. Rd2 Rfd8 31. Qf3 Rf8 32. Qd1 Nc8 33. Bc6 Qe7 34.
Bd7 Ra8 35. Bxc8 Raxc8 36. Rxd6 Rcd8 37. Rbxb6 Qxe6 38. Rxd8 Qxb6 39. Qd5+ Kh8
40. Rxf8+ 1-0

[Event "Paris ch 2005"]
[Site "Paris FRA"]
[Date "2005.07.13"]
[Round "5.20"]
[White "Becker, Martin"]
[Black "Pelikian, Jefferson"]
[Result "0-1"]
[WhiteElo "2310"]
[BlackElo "2405"]
[PlyCount "60"]
[EventDate "2005.07.09"]
[EventType "swiss"]
[EventRounds "9"]
[EventCountry "FRA"]
[Source "lmi"]
[SourceDate "2005.07.17"]

1. d4 Nf6 2. c4 g6 3. Nc3 d5 4. cxd5 Nxd5 5. Bd2 Bg7 6. e4 Nb6 7. Be3 O-O 8.
Be2 Nc6 9. Nf3 Bg4 10. d5 Bxf3 11. gxf3 Ne5 12. Qb3 c6 13. O-O-O cxd5 14. Nxd5
Nxd5 15. Rxd5 Qc8+ 16. Kb1 a5 17. a4 Qh3 18. Bf4 Nc6 19. Bf1 Qe6 20. Bc4 Qh3
21. Bf1 Qh4 22. Be3 e6 23. Rd7 Ne5 24. Rxb7 Nxf3 25. Bd3 Rfd8 26. Ka2 Ne5 27.
Bb1 Nc6 28. Bc5 Rab8 29. Qb6 Rxb7 30. Qxb7 Qf6 0-1

[Event "Paris ch 2005"]
[Site "Paris FRA"]
[Date "2005.07.13"]
[Round "5.21"]
[White "Leconte, Maria"]
[Black "Calistri, Tristan"]
[Result "1/2-1/2"]
[WhiteElo "2296"]
[BlackElo "2389"]
[PlyCount "67"]
[EventDate "2005.07.09"]
[EventType "swiss"]
[EventRounds "9"]
[EventCountry "FRA"]
[Source "lmi"]
[SourceDate "2005.07.17"]

1. e4 c5 2. Nf3 Nc6 3. d4 cxd4 4. Nxd4 Nf6 5. Nc3 e5 6. Ndb5 d6 7. Bg5 a6 8.
Na3 b5 9. Nd5 Be7 10. Nxe7 Nxe7 11. Bd3 Bb7 12. Bxf6 gxf6 13. Qd2 d5 14. exd5
Qxd5 15. O-O-O O-O-O 16. Qb4 Qe6 17. Be4 Nd5 18. Qc5+ Kb8 19. f3 Rc8 20. Bxd5
Rxc5 21. Bxe6 fxe6 22. Rd6 Rg8 23. b4 Rd5 24. Rxe6 Rxg2 25. Rxf6 Rdd2 26. Re1
Rxh2 27. Rxe5 Rde2 28. Rf8+ Ka7 29. Rxe2 Rxe2 30. Rf7 h5 31. Rh7 Re5 32. Nb1
Kb8 33. Nd2 Rf5 34. a3 1/2-1/2

[Event "Paris ch 2005"]
[Site "Paris FRA"]
[Date "2005.07.13"]
[Round "5.22"]
[White "Spielmann, Alain"]
[Black "Pira, Davoud"]
[Result "1-0"]
[WhiteElo "2283"]
[BlackElo "2385"]
[PlyCount "72"]
[EventDate "2005.07.09"]
[EventType "swiss"]
[EventRounds "9"]
[EventCountry "FRA"]
[Source "lmi"]
[SourceDate "2005.07.17"]

1. Nf3 g6 2. c4 Bg7 3. e4 c5 4. d4 cxd4 5. Nxd4 Qb6 6. Nb3 Nc6 7. Be3 Qc7 8.
Qd2 Nf6 9. Nc3 O-O 10. Rc1 d6 11. f3 Be6 12. Be2 Rfc8 13. Nd5 Qd8 14. O-O Nd7
15. f4 a5 16. f5 Bxd5 17. exd5 Nce5 18. Nd4 a4 19. Bh6 Bh8 20. Kh1 Qa5 21. Qg5
Bf6 22. Qg3 Qb4 23. b3 axb3 24. axb3 Qb6 25. Rcd1 Ra2 26. fxg6 hxg6 27. Bg4 Qd8
28. Bxd7 Qxd7 29. h3 Rca8 30. Bg5 Bg7 31. Qh4 Rb2 32. Bc1 Rb1 33. Bg5 Rb2 34.
Bc1 Rba2 35. Bg5 Re8 36. Bh6 Bh8 1-0

[Event "Paris ch 2005"]
[Site "Paris FRA"]
[Date "2005.07.13"]
[Round "5.23"]
[White "Spiridonov, Nikola"]
[Black "Roos, Jean-Luc"]
[Result "1/2-1/2"]
[WhiteElo "2381"]
[BlackElo "2285"]
[PlyCount "45"]
[EventDate "2005.07.09"]
[EventType "swiss"]
[EventRounds "9"]
[EventCountry "FRA"]
[Source "lmi"]
[SourceDate "2005.07.17"]

1. c4 e5 2. g3 Nf6 3. Bg2 d5 4. cxd5 Nxd5 5. Nc3 Nb6 6. Nf3 Nc6 7. O-O Be7 8.
a3 O-O 9. d3 Be6 10. b4 f6 11. Bb2 a5 12. b5 Nd4 13. Nxd4 exd4 14. Na4 Qd7 15.
Bxb7 Qxb5 16. Nxb6 Rab8 17. Bf3 Qxb6 18. Bc1 Qb3 19. Bf4 Rfc8 20. a4 g5 21. Bd2
Qxd1 22. Rfxd1 Bb4 23. Bxb4 1/2-1/2

[Event "Paris ch 2005"]
[Site "Paris FRA"]
[Date "2005.07.13"]
[Round "5.25"]
[White "Doucet, Christian"]
[Black "Salaun, Yann"]
[Result "1/2-1/2"]
[WhiteElo "2277"]
[BlackElo "2345"]
[PlyCount "87"]
[EventDate "2005.07.09"]
[EventType "swiss"]
[EventRounds "9"]
[EventCountry "FRA"]
[Source "lmi"]
[SourceDate "2005.07.17"]

1. d4 Nf6 2. Nf3 g6 3. c4 Bg7 4. g3 O-O 5. Bg2 d6 6. O-O Nbd7 7. Nc3 e5 8. e4
exd4 9. Nxd4 c6 10. h3 Nb6 11. b3 d5 12. exd5 cxd5 13. c5 Ne4 14. Nxe4 dxe4 15.
Bb2 Nd5 16. Bxe4 Bxh3 17. Re1 Qd7 18. c6 bxc6 19. Nxc6 Bxb2 20. Bxd5 Rae8 21.
Rb1 Bc3 22. Rxe8 Rxe8 23. Qf3 Bg7 24. Rd1 h5 25. Qf4 Bf5 26. Bf3 Qb7 27. Nd4
Be4 28. Re1 f5 29. Bxe4 fxe4 30. Qd6 Qf7 31. Nc2 Kh7 32. Qc6 Qe7 33. Ne3 h4 34.
gxh4 Rf8 35. Ng2 Bd4 36. Rxe4 Bxf2+ 37. Kh2 Qg7 38. Qd6 Rf6 39. Qe7 Rf7 40. Qe5
Qf8 41. Rf4 Bb6 42. h5 gxh5 43. Qxh5+ Kg8 44. Qxf7+ 1/2-1/2

[Event "Paris ch 2005"]
[Site "Paris FRA"]
[Date "2005.07.13"]
[Round "5.26"]
[White "Mingachev, Mansur"]
[Black "Hess, Robert L"]
[Result "1/2-1/2"]
[WhiteElo "2337"]
[BlackElo "2278"]
[PlyCount "74"]
[EventDate "2005.07.09"]
[EventType "swiss"]
[EventRounds "9"]
[EventCountry "FRA"]
[Source "lmi"]
[SourceDate "2005.07.17"]

1. d4 Nf6 2. Bg5 d5 3. e3 Nbd7 4. f4 Ne4 5. Bh4 c5 6. c3 cxd4 7. exd4 Qb6 8.
Qc1 Qh6 9. Nf3 a6 10. Bd3 e5 11. O-O exd4 12. cxd4 Bd6 13. Bg5 Qh5 14. Nc3 Nxc3
15. Qxc3 O-O 16. Rae1 f6 17. Qb3 Kh8 18. Qxd5 Bxf4 19. g3 Bxg5 20. Nxg5 h6 21.
Re7 Qxg5 22. Qd6 f5 23. h4 Qf6 24. Re6 Qf7 25. Rxf5 Nf6 26. Rfxf6 Bxe6 27. Rxf7
Bxf7 28. g4 Rad8 29. Qc5 Rc8 30. Qe7 Bd5 31. Bf5 Rce8 32. Qb4 Rf6 33. Qc5 Be6
34. Qe5 Bd7 35. Qc5 Bxf5 36. gxf5 Ref8 37. d5 Rxf5 1/2-1/2

[Event "Paris ch 2005"]
[Site "Paris FRA"]
[Date "2005.07.13"]
[Round "5.27"]
[White "Govciyan, Pavel"]
[Black "Peyrat, Olivier"]
[Result "1-0"]
[WhiteElo "2328"]
[BlackElo "2265"]
[PlyCount "69"]
[EventDate "2005.07.09"]
[EventType "swiss"]
[EventRounds "9"]
[EventCountry "FRA"]
[Source "lmi"]
[SourceDate "2005.07.17"]

1. d4 d5 2. Nf3 Nf6 3. c4 c6 4. Nc3 e6 5. e3 Nbd7 6. Qc2 Bd6 7. Bd3 O-O 8. O-O
dxc4 9. Bxc4 b5 10. Bd3 Bb7 11. a3 a6 12. b4 a5 13. Rb1 axb4 14. axb4 Qe7 15.
e4 e5 16. dxe5 Nxe5 17. Nxe5 Bxe5 18. Ne2 Bc7 19. h3 Bb6 20. Rb3 Rfe8 21. Ng3
Nd7 22. Nf5 Qe6 23. Bb2 Ne5 24. Be2 f6 25. Rg3 g6 26. Qc1 Kh8 27. Qh6 Rg8 28.
Nh4 Rad8 29. Bd1 Rg7 30. Bb3 Qe8 31. Nf5 Rgd7 32. Qh4 g5 33. Rxg5 fxg5 34. Qxg5
Bc7 35. Qf6+ 1-0

[Event "Paris ch 2005"]
[Site "Paris FRA"]
[Date "2005.07.13"]
[Round "5.29"]
[White "Struk, Jerzy"]
[Black "Marcelin, Cyril"]
[Result "1/2-1/2"]
[WhiteElo "2232"]
[BlackElo "2481"]
[PlyCount "85"]
[EventDate "2005.07.09"]
[EventType "swiss"]
[EventRounds "9"]
[EventCountry "FRA"]
[Source "lmi"]
[SourceDate "2005.07.17"]

1. e4 e5 2. Nf3 Nc6 3. Bb5 Nf6 4. O-O Nxe4 5. d4 Nd6 6. Bxc6 dxc6 7. dxe5 Nf5
8. Qxd8+ Kxd8 9. Nc3 Ne7 10. Re1 h6 11. Bf4 Ng6 12. Rad1+ Ke8 13. Bg3 Bb4 14.
e6 Bxe6 15. Bxc7 Bxc3 16. bxc3 Rc8 17. Bd6 Rd8 18. c4 b6 19. h4 c5 20. h5 Ne7
21. Ne5 Nf5 22. Bc7 Rc8 23. Nc6 Rg8 24. Rd3 Nd4 25. Nxd4 cxd4 26. Be5 Rxc4 27.
Bxd4 Rxc2 28. f4 Kd7 29. Bxb6+ Kc6 30. Bxa7 Ra8 31. Ra3 Bd5 32. Ra6+ Kb5 33.
Rd6 Rxg2+ 34. Kf1 Rxa7 35. Rxd5+ Kc6 36. Red1 Rg3 37. Rd6+ Kc5 38. R6d5+ Kc4
39. R5d4+ Kc3 40. Kf2 Rh3 41. Kg2 Re3 42. Kf2 Rh3 43. Kg2 1/2-1/2

[Event "Paris ch 2005"]
[Site "Paris FRA"]
[Date "2005.07.13"]
[Round "5.30"]
[White "Schlawin, Marlon"]
[Black "Shirazi, Kamran"]
[Result "0-1"]
[WhiteElo "2302"]
[BlackElo "2410"]
[PlyCount "76"]
[EventDate "2005.07.09"]
[EventType "swiss"]
[EventRounds "9"]
[EventCountry "FRA"]
[Source "lmi"]
[SourceDate "2005.07.17"]

1. e4 c5 2. Nf3 Nf6 3. e5 Nd5 4. Nc3 Nb4 5. d4 cxd4 6. Nxd4 N8c6 7. Nf3 Qa5 8.
Bf4 g5 9. Nxg5 Nxe5 10. a3 Nbc6 11. b4 Qc7 12. Nd5 Qd6 13. Ne4 Qg6 14. f3 f5
15. Nd2 Kd8 16. Nb3 e6 17. b5 exd5 18. bxc6 Nxc6 19. Qxd5 Qe6+ 20. Qxe6 dxe6
21. Bb5 e5 22. Bxc6 exf4 23. Bd5 Kc7 24. Ke2 Bd7 25. Rhd1 Rd8 26. Nd4 Bc5 27.
c4 Rhe8+ 28. Kf1 Re3 29. a4 a6 30. Ne2 Rde8 31. Nxf4 Bd6 32. Nh5 Be5 33. Rab1
Bc8 34. f4 Bc3 35. Ng3 a5 36. Rb3 b6 37. Ne2 Bf6 38. Nd4 Bxd4 0-1

[Event "Paris ch 2005"]
[Site "Paris FRA"]
[Date "2005.07.13"]
[Round "5.31"]
[White "Bakhmatov, Eduard"]
[Black "Glicenstein, Asher"]
[Result "0-1"]
[WhiteElo "2373"]
[BlackElo "2301"]
[PlyCount "33"]
[EventDate "2005.07.09"]
[EventType "swiss"]
[EventRounds "9"]
[EventCountry "FRA"]
[Source "lmi"]
[SourceDate "2005.07.17"]

1. e4 c5 2. Nf3 Nc6 3. Bb5 g6 4. c3 Nf6 5. e5 Nd5 6. O-O Bg7 7. d4 cxd4 8. cxd4
O-O 9. Nc3 Nxc3 10. bxc3 d6 11. exd6 exd6 12. Ba3 Qc7 13. Qd2 Qa5 14. Qb2 Rd8
15. Nd2 Qc7 16. Rfe1 Bf5 17. Nf1 0-1

[Event "Paris ch 2005"]
[Site "Paris FRA"]
[Date "2005.07.13"]
[Round "5.32"]
[White "Elbilia, Jacques"]
[Black "Dudognon, Marc"]
[Result "1-0"]
[WhiteElo "2336"]
[BlackElo "2227"]
[PlyCount "125"]
[EventDate "2005.07.09"]
[EventType "swiss"]
[EventRounds "9"]
[EventCountry "FRA"]
[Source "lmi"]
[SourceDate "2005.07.17"]

1. d4 d5 2. Nf3 Nf6 3. c4 c6 4. e3 e6 5. Qc2 Nbd7 6. Nbd2 Bd6 7. Bd3 O-O 8. O-O
h6 9. b3 e5 10. cxd5 cxd5 11. dxe5 Nxe5 12. Nxe5 Bxe5 13. Bb2 Bxb2 14. Qxb2 Be6
15. Rac1 Qb6 16. Nf3 Rac8 17. Nd4 Rxc1 18. Rxc1 Rc8 19. Rxc8+ Bxc8 20. Qc3 Bd7
21. f3 g6 22. b4 Qd6 23. Ne2 b6 24. Qd4 Qe7 25. Nc3 Be6 26. Kf2 h5 27. h4 Ne8
28. a3 Nc7 29. Bc2 Qd7 30. Ba4 Qe7 31. Qf4 Kg7 32. Qe5+ Kg8 33. Qd4 Kh7 34. Bb3
Qd7 35. Ba4 Qe7 36. Bc2 Qd7 37. Bd3 Bf5 38. Be2 Qe6 39. Bd1 Qd7 40. a4 Be6 41.
Be2 Kg8 42. a5 bxa5 43. bxa5 a6 44. Qb6 Qc8 45. Na4 Qd8 46. g3 Bc8 47. Nb2 Ne6
48. Qb4 Qc7 49. Nd3 f6 50. Bd1 Qc4 51. Ke2 Qc7 52. f4 Kf7 53. Bb3 Bb7 54. e4
Qd7 55. Nc5 Nxc5 56. Qxc5 Ke6 57. Qb6+ Ke7 58. e5 fxe5 59. fxe5 Qg4+ 60. Kd2
Bc8 61. Qc5+ Kf7 62. Qxd5+ Be6 63. Qd7+ 1-0

[Event "Paris ch 2005"]
[Site "Paris FRA"]
[Date "2005.07.13"]
[Round "5.33"]
[White "Templier, Nicolas"]
[Black "Rrhioua, Tarik"]
[Result "0-1"]
[WhiteElo "2290"]
[BlackElo "2315"]
[PlyCount "78"]
[EventDate "2005.07.09"]
[EventType "swiss"]
[EventRounds "9"]
[EventCountry "FRA"]
[Source "lmi"]
[SourceDate "2005.07.17"]

1. d4 Nf6 2. c4 g6 3. g3 Bg7 4. Bg2 O-O 5. Nf3 d6 6. O-O Nc6 7. Nc3 Bg4 8. h3
Bxf3 9. Bxf3 Nd7 10. e3 e5 11. d5 Ne7 12. e4 f5 13. Bd2 f4 14. Bg4 h5 15. Be6+
Kh8 16. b4 Rf6 17. g4 Nf8 18. g5 Rxe6 19. dxe6 Nxe6 20. h4 Nc6 21. Nd5 Nxg5 22.
hxg5 Qxg5+ 23. Kh2 Qh4+ 24. Kg2 Qg5+ 25. Kh3 Bf6 26. Rg1 Qh4+ 27. Kg2 Nd4 28.
Bc3 f3+ 29. Kf1 Ne2 30. Qd3 Qh3+ 31. Ke1 Nxg1 32. Nxf6 Ne2 33. Nd5 Qg2 34. Qe3
c6 35. Qh6+ Kg8 36. Nc7 Nxc3 37. Nxa8 Nxe4 38. Kd1 Nxf2+ 39. Kc1 Nd3+ 0-1

[Event "Paris ch 2005"]
[Site "Paris FRA"]
[Date "2005.07.13"]
[Round "5.34"]
[White "Verdier, Patrice"]
[Black "Houhou, Olivier"]
[Result "0-1"]
[WhiteElo "2252"]
[BlackElo "2253"]
[PlyCount "80"]
[EventDate "2005.07.09"]
[EventType "swiss"]
[EventRounds "9"]
[EventCountry "FRA"]
[Source "lmi"]
[SourceDate "2005.07.17"]

1. d4 Nf6 2. c4 g6 3. Nc3 d5 4. cxd5 Nxd5 5. e4 Nxc3 6. bxc3 Bg7 7. Bc4 c5 8.
Ne2 Nc6 9. Be3 O-O 10. O-O Bd7 11. d5 Ne5 12. Bb3 Qa5 13. Kh1 Bb5 14. f4 Qa6
15. Re1 Nd3 16. Rg1 Nb2 17. Qc2 Bxe2 18. Qxb2 Qd3 19. Qd2 c4 20. Qxd3 Bxd3 21.
Rad1 b5 22. e5 Bf5 23. Bc5 Rfe8 24. Rd2 cxb3 25. axb3 a5 26. Ra1 Bf8 27. Rda2
Rec8 28. Bd4 Be4 29. Rxa5 Bxd5 30. Rxa8 Rxa8 31. Rxa8 Bxa8 32. Kg1 Bd5 33. b4
Bg7 34. Kf2 f6 35. g4 fxe5 36. fxe5 Kf7 37. Ke3 Bh6+ 38. Kf2 Ke6 39. Kg3 Bd2
40. h4 h5 0-1

[Event "Paris ch 2005"]
[Site "Paris FRA"]
[Date "2005.07.13"]
[Round "5.35"]
[White "Tillet, Louis-Juan"]
[Black "Le Quang, Kim"]
[Result "0-1"]
[WhiteElo "2216"]
[BlackElo "2330"]
[PlyCount "62"]
[EventDate "2005.07.09"]
[EventType "swiss"]
[EventRounds "9"]
[EventCountry "FRA"]
[Source "lmi"]
[SourceDate "2005.07.17"]

1. e4 d5 2. exd5 Nf6 3. Nc3 Nxd5 4. Bc4 c6 5. Qf3 e6 6. Qg3 Nd7 7. d4 N7f6 8.
Nxd5 exd5 9. Bd3 Be6 10. Bg5 Bd6 11. Qh4 Qa5+ 12. c3 Ne4 13. Nf3 O-O 14. O-O
Rfe8 15. Nd2 Bf5 16. f3 Ng3 17. Bxf5 Nxf5 18. Qg4 g6 19. Rf2 Re6 20. Nf1 Rae8
21. Qh3 Qb5 22. g4 Ng7 23. Ng3 Qd3 24. Raf1 c5 25. f4 cxd4 26. f5 Re1 27. fxg6
fxg6 28. cxd4 Qxd4 29. Bf6 Qe3 30. Rxe1 Qxe1+ 31. Qf1 Bc5 0-1

[Event "Paris ch 2005"]
[Site "Paris FRA"]
[Date "2005.07.13"]
[Round "5.36"]
[White "Simon, Olivier"]
[Black "Demarre, Jacques"]
[Result "1/2-1/2"]
[WhiteElo "2315"]
[BlackElo "2221"]
[PlyCount "99"]
[EventDate "2005.07.09"]
[EventType "swiss"]
[EventRounds "9"]
[EventCountry "FRA"]
[Source "lmi"]
[SourceDate "2005.07.17"]

1. e4 e5 2. Nf3 Nc6 3. Bb5 a6 4. Ba4 Nf6 5. d3 b5 6. Bb3 Be7 7. O-O O-O 8. a4
Rb8 9. Re1 d6 10. c3 Na5 11. Ba2 c5 12. Nbd2 Nc6 13. Nf1 Bd7 14. h3 bxa4 15.
Ng3 Na5 16. d4 Qc7 17. dxe5 dxe5 18. Nf5 Bc6 19. Nd2 Rfd8 20. Qf3 Bf8 21. Nh6+
gxh6 22. Qxf6 Bg7 23. Qh4 Rd6 24. Nf3 c4 25. Qh5 Qe7 26. Nh4 Bd7 27. Be3 Rf6
28. Rab1 Nb3 29. g4 Rg6 30. Rbd1 Be8 31. Nf5 Qf8 32. Bxb3 cxb3 33. Qh4 Bf6 34.
Nxh6+ Kh8 35. Qh5 a3 36. bxa3 b2 37. Rb1 Ba4 38. Re2 Qxa3 39. Nxf7+ Kg7 40.
Nxe5 Qa2 41. Rbxb2 Rxb2 42. Rxb2 Qxb2 43. Bh6+ Kg8 44. Nxg6 Qb1+ 45. Kh2 Qxe4
46. Qc5 hxg6 47. Qf8+ Kh7 48. Qxf6 Kxh6 49. Qh8+ Kg5 50. Qd8+ 1/2-1/2

[Event "Paris ch 2005"]
[Site "Paris FRA"]
[Date "2005.07.13"]
[Round "5.37"]
[White "Badii, Madjid"]
[Black "Lepan, Marvin"]
[Result "0-1"]
[WhiteElo "2257"]
[BlackElo "2217"]
[PlyCount "62"]
[EventDate "2005.07.09"]
[EventType "swiss"]
[EventRounds "9"]
[EventCountry "FRA"]
[Source "lmi"]
[SourceDate "2005.07.17"]

1. e4 c5 2. Nf3 d6 3. d4 cxd4 4. Nxd4 Nf6 5. Nc3 a6 6. Bc4 e6 7. Bb3 Be7 8. f4
O-O 9. Qf3 Nbd7 10. Be3 Nc5 11. f5 e5 12. Nde2 Nxb3 13. axb3 b5 14. Rd1 Bb7 15.
Bg5 Rc8 16. O-O b4 17. Bxf6 Bxf6 18. Nd5 Rxc2 19. Ng3 Rxb2 20. Nh5 Bxd5 21.
Rxd5 Rc2 22. Rfd1 Rc6 23. Qd3 Bg5 24. Rxd6 Qb6+ 25. Kf1 g6 26. Ng3 Rxd6 27.
Qxd6 Qb5+ 28. Ke1 Rd8 29. Qc7 Rxd1+ 30. Kxd1 Qd3+ 31. Ke1 Bd2+ 0-1

[Event "Paris ch 2005"]
[Site "Paris FRA"]
[Date "2005.07.13"]
[Round "5.38"]
[White "Larrat, Philippe"]
[Black "Greiff, Hakan"]
[Result "0-1"]
[WhiteElo "2195"]
[BlackElo "2244"]
[PlyCount "71"]
[EventDate "2005.07.09"]
[EventType "swiss"]
[EventRounds "9"]
[EventCountry "FRA"]
[Source "lmi"]
[SourceDate "2005.07.17"]

1. e4 e5 2. Nf3 Nc6 3. Bb5 a6 4. Ba4 d6 5. O-O Bg4 6. h3 h5 7. Bxc6+ bxc6 8. d4
Bxf3 9. Qxf3 exd4 10. Rd1 Ne7 11. Rxd4 Ng6 12. Qb3 Be7 13. Qb7 O-O 14. Qxc6 Bg5
15. Nd2 Bf6 16. Ra4 Ne5 17. Qd5 Qd7 18. Ra3 c6 19. Qa5 Rfe8 20. Qc3 d5 21. Qg3
h4 22. Qf4 Ng6 23. Qg4 Qd8 24. Re3 Bg5 25. Re1 Rb8 26. Nb3 Bf6 27. Rb1 Rb4 28.
f3 dxe4 29. fxe4 a5 30. c3 Rc4 31. Qf3 Ne5 32. Qf1 Nd3 33. Rd1 Qb6+ 34. Nd4
Bxd4+ 35. cxd4 Qxd4+ 36. Kh1 0-1

[Event "Paris ch 2005"]
[Site "Paris FRA"]
[Date "2005.07.13"]
[Round "5.40"]
[White "Gonzalez Diaz, Julio"]
[Black "Boukobza, Adrien"]
[Result "0-1"]
[WhiteElo "2237"]
[BlackElo "2164"]
[PlyCount "80"]
[EventDate "2005.07.09"]
[EventType "swiss"]
[EventRounds "9"]
[EventCountry "FRA"]
[Source "lmi"]
[SourceDate "2005.07.17"]

1. g3 d5 2. Bg2 c6 3. d4 e6 4. b3 f5 5. Bb2 Nf6 6. Nf3 Bd6 7. Nbd2 O-O 8. O-O
Nbd7 9. c4 Ne4 10. Ne5 Nxe5 11. dxe5 Bc5 12. Nxe4 fxe4 13. Bd4 Qb6 14. e3 Bxd4
15. exd4 Bd7 16. c5 Qc7 17. f3 exf3 18. Bxf3 Qa5 19. Qe1 Qd8 20. Qd2 Qe7 21.
Bg4 b6 22. Rac1 Rxf1+ 23. Kxf1 Rf8+ 24. Kg1 Qf7 25. Bh3 Qh5 26. Bg2 Qg4 27. Qe3
bxc5 28. dxc5 h6 29. h3 Qb4 30. Bf1 Qa5 31. Rc2 Bc8 32. Qc3 Qc7 33. Qe3 Rf5 34.
Re2 Ba6 35. Rf2 Rxf2 36. Kxf2 Bxf1 37. Kxf1 Qa5 38. Qf2 Qc3 39. Kg2 Qxe5 40. b4
Qe4+ 0-1

[Event "Paris ch 2005"]
[Site "Paris FRA"]
[Date "2005.07.13"]
[Round "5.41"]
[White "Callet, Emmanuel"]
[Black "Leroux, Richard"]
[Result "1-0"]
[WhiteElo "2223"]
[BlackElo "2200"]
[PlyCount "109"]
[EventDate "2005.07.09"]
[EventType "swiss"]
[EventRounds "9"]
[EventCountry "FRA"]
[Source "lmi"]
[SourceDate "2005.07.17"]

1. e4 c5 2. Nf3 Nc6 3. Bb5 g6 4. O-O Bg7 5. c3 e5 6. Re1 Nge7 7. d3 O-O 8. Nbd2
d6 9. a4 h6 10. Qe2 Be6 11. Bc4 Qc8 12. Rb1 a5 13. Bxe6 Qxe6 14. Nc4 Ra6 15.
Bd2 Qd7 16. b4 axb4 17. cxb4 Nxb4 18. Bxb4 cxb4 19. Rxb4 Nc6 20. Rb5 Na7 21.
Rd5 Qc7 22. a5 Rb8 23. Rb1 Bf8 24. h4 h5 25. Qd2 Nc6 26. Rc1 Rba8 27. Nb6 R8a7
28. Nc4 Kg7 29. Qb2 Be7 30. Rb5 Qd7 31. Qc3 Qd8 32. Ra1 Kg8 33. g3 Qd7 34. Rd5
Qc7 35. Kg2 Nd8 36. Nfd2 Ne6 37. Nb3 Rc6 38. Qb4 Raa6 39. Ne3 Ra7 40. Rb1 Qd8
41. Nd2 Nc7 42. Ndc4 Nxd5 43. Nxd5 Qd7 44. Nxe5 dxe5 45. Nxe7+ Kg7 46. Nxc6
Qxc6 47. Qe7 Rxa5 48. Rxb7 Qf6 49. Qb4 Ra2 50. Qc5 Ra6 51. Rb8 Rd6 52. Qc8 Kh7
53. Qg8+ Kh6 54. Qf8+ Kh7 55. Rb7 1-0

[Event "Paris ch 2005"]
[Site "Paris FRA"]
[Date "2005.07.13"]
[Round "5.42"]
[White "Zharkov, Hleb"]
[Black "Guerin, Francois"]
[Result "1-0"]
[WhiteElo "2219"]
[BlackElo "2171"]
[PlyCount "73"]
[EventDate "2005.07.09"]
[EventType "swiss"]
[EventRounds "9"]
[EventCountry "FRA"]
[Source "lmi"]
[SourceDate "2005.07.17"]

1. d4 Nf6 2. Nf3 g6 3. c4 Bg7 4. Nc3 O-O 5. e4 d6 6. Be2 e5 7. O-O Nc6 8. d5
Ne7 9. b4 Nh5 10. Re1 f5 11. Ng5 Nf6 12. f3 a5 13. bxa5 Rxa5 14. Bf1 c6 15. a4
h6 16. Ne6 Bxe6 17. dxe6 d5 18. Ba3 fxe4 19. fxe4 d4 20. Bb4 Ra8 21. Nd5 cxd5
22. exd5 Re8 23. Rxe5 Nfxd5 24. Rxd5 Nxd5 25. cxd5 Qxd5 26. Rc1 Rac8 27. Rxc8
Rxc8 28. e7 Qe4 29. Qb3+ Kh7 30. Qf3 Qe3+ 31. Qxe3 dxe3 32. g3 Kg8 33. Bc4+ Kh7
34. Bb5 Bd4 35. Kf1 Rc1+ 36. Ke2 Rc2+ 37. Kd3 1-0

[Event "Paris ch 2005"]
[Site "Paris FRA"]
[Date "2005.07.13"]
[Round "5.43"]
[White "Lamorelle, Julien"]
[Black "Vasilescu, Victor"]
[Result "1-0"]
[WhiteElo "2202"]
[BlackElo "2208"]
[PlyCount "81"]
[EventDate "2005.07.09"]
[EventType "swiss"]
[EventRounds "9"]
[EventCountry "FRA"]
[Source "lmi"]
[SourceDate "2005.07.17"]

1. e4 c5 2. Nf3 e6 3. d4 cxd4 4. Nxd4 Nc6 5. Nc3 a6 6. Nxc6 bxc6 7. Bd3 d5 8.
O-O Nf6 9. Re1 Be7 10. e5 Nd7 11. Qg4 Bf8 12. Bg5 Qb6 13. Bd2 Qc7 14. f4 f5 15.
exf6 Nxf6 16. Rxe6+ Bxe6 17. Qxe6+ Kd8 18. Na4 a5 19. Bc3 Qd6 20. Qe3 c5 21.
Qe1 Qc7 22. Rd1 Bd6 23. Bb5 d4 24. Bd2 Kc8 25. c3 d3 26. Qe6+ Kb7 27. Bxd3 Rhe8
28. Qc4 Qc6 29. Be1 Kc7 30. Bh4 Ne4 31. Qf7+ Kb8 32. Qb3+ Qb7 33. Bxe4 Rxe4 34.
Rxd6 Qxb3 35. axb3 Kc7 36. Rd5 Kc6 37. Rxc5+ Kd6 38. Rh5 h6 39. Nb6 Rf8 40.
Nc4+ Ke6 41. Re5+ 1-0